| 000 | 00936cab a2200217 4500 | ||
|---|---|---|---|
| 001 | ABS40190 | ||
| 008 | 090401t1988 xxu||||| |||| 00| 0 eng d | ||
| 035 | _a(Sirsi) u22021 | ||
| 041 | _aeng | ||
| 100 | _aCrosby, N. | ||
| 245 | _aSharp rent value change in Nottingham | ||
| 260 | _c1988 | ||
| 350 | _a0 | ||
| 490 |
_aLand Development Studies _v5 1988, 185-205(21) |
||
| 520 | _aDescribes the collection and analysis of data and the subsequent construction of shop rental indices for Nottingham . The attempt to construct long-term data highlights the problems of data availability and quality of information. It also highlights problems associated with national and regional location indices which use one rent point within a centre to represent value movements across part or all of that centre. | ||
| 650 | _aRENTS | ||
| 650 | _aSTATISTICS | ||
| 690 | _aPROPERTY-COMMERCIAL PROPERTY | ||
| 942 | _n0 | ||
| 948 | _c04/03/1997 | ||
| 999 |
_c14747 _d14747 |
||